000 00399cam a2200169 4500
001 D12166
008 090401t1948 xxu||||| |||| 00| 0 eng d
035 _a(Sirsi) u1563
041 _aeng
100 _aBlundell, Lionel A
245 _aRent restrictions cases
260 _bSweet and Maxwell / Estates Gazette
_c1948
350 _a0
520 _aShelf 113
942 _n0
948 _c04/03/1997
999 _c85684
_d85684